| 000 | 00803nam a2200241Ia 4500 | ||
|---|---|---|---|
| 999 |
_c35965 _d35965 |
||
| 001 | 1864 | ||
| 003 | GE_BSU | ||
| 005 | 20221007161405.0 | ||
| 008 | 181216s2007ru xx |||||||||||||| ||rus|| | ||
| 020 | _a5797506475 | ||
| 040 | _cGE_BSU | ||
| 041 | _arus | ||
| 080 | _a343.9(075.8) К-82 | ||
| 245 |
_aКриминология : _bДля студ. высш.учеб.завед. / _cПод ред. В.Н.Кудрявцева |
||
| 250 | _aИзд.3-е.перер и доп. | ||
| 264 |
_aМосква : _bЮристь, _c2007. |
||
| 300 |
_a734 с. : _b21 см. |
||
| 653 | _aКриминология | ||
| 653 | _aკრიმინალისტიკა | ||
| 653 | _aსამართალი | ||
| 700 |
_aКудрявцева, В.Н _eრედაქტორი _915157 |
||
| 942 |
_cBK _2udc |
||